OFT issues statement of objections against 112 construction companies (Record no. 80097)

MARC details
000 -LEADER
fixed length control field 01187cad a22002175a 4500
001 - CONTROL NUMBER
control field L143230
008 - FIXED-LENGTH DATA ELEMENTS--GENERAL INFORMATION
fixed length control field 080417e20080417xxk f 000 0 eng d
035 ## - SYSTEM CONTROL NUMBER
System control number (Sirsi) u143230
041 0# - LANGUAGE CODE
Language code of text/sound track or separate title eng
110 1# - MAIN ENTRY--CORPORATE NAME
Corporate name or jurisdiction name as entry element United Kingdom
Subordinate unit Office of Fair Trading
9 (RLIN) 4767
245 00 - TITLE STATEMENT
Title OFT issues statement of objections against 112 construction companies
Medium [electronic resource]
260 ## - PUBLICATION, DISTRIBUTION, ETC.
Date of publication, distribution, etc. 2008
490 ## - SERIES STATEMENT
Series statement Office of Fair Trading Press Release
Volume/sequential designation (52/08) 17 April 2008
520 ## - SUMMARY, ETC.
Summary, etc. Reports details of one of the largest ever Competition Act investigations. The Office of Fair Trading claims that the construction companies concerned have engaged in bid rigging. Cover pricing is alleged, where companies have deliberately tendered high bids in order to secure a lower bid for another firm. It is also alleged that a small number of the firms have made compensation payments in such cases. The 112 firms under suspicion are listed.
590 ## - LOCAL NOTE (RLIN)
Local note KA
651 #4 - SUBJECT ADDED ENTRY--GEOGRAPHIC NAME
Geographic name United Kingdom
Chronological subdivision
690 ## - LOCAL SUBJECT ADDED ENTRY--TOPICAL TERM (OCLC, RLIN)
Topical term or geographic name as entry element Construction management
9 (RLIN) 6230
690 ## - LOCAL SUBJECT ADDED ENTRY--TOPICAL TERM (OCLC, RLIN)
Topical term or geographic name as entry element MANAGEMENT-BUSINESS MANAGEMENT
856 40 - ELECTRONIC LOCATION AND ACCESS
Uniform Resource Identifier <a href="https://www.oft.gov.uk/news/press/2008/52-08">https://www.oft.gov.uk/news/press/2008/52-08</a>
Public note View the item free of charge at www.oft.gov.uk...
942 ## - ADDED ENTRY ELEMENTS (KOHA)
Suppress in OPAC 0
Holdings
Withdrawn status Lost status Source of classification or shelving scheme Damaged status Not for loan Home library Current library Shelving location Date acquired Total Checkouts Full call number Barcode Date last seen Copy number Price effective from Koha item type
    Dewey Decimal Classification     Virtual Virtual Online 17/04/2008   ONLINE PUBLICATION 143230-1001 06/08/2019 1 06/08/2019 Journal article